000 00479cam a2200181ua 4500
020 _c1.00
041 _amal
_h
082 _a894.812301
_bLAL/GO
100 _aLalithambika, Antharjanam.
245 _aGosayi paranja katha /
_cLalithambika Antharjanam.
_hTextual Documents
250 _a1 /
_b.
260 _aKottayam :
_bSahitya Pravarthaka Co-operative Society ,
_c1964.
300 _a32 ; .
365 _a1.00
504 _a
942 _cBK
999 _c12599
_d12599